000 00372nam a2200145Ia 4500
008 231129s1989||||xx |||||||||||||| ||spa||
020 _a958-9043-68-2
040 _bspa
082 _a801.951 G216f
100 _aGarcia Maffla Jaime
245 0 _aFernando Charry Lara
260 _c1989
264 _aProcultura
942 _2ddc
_cBKS
999 _c13914
_d13914